000
00298nam a2200109Ia 4500
008
200302s9999 xx 000 0 und d
100
_a
Joshua Bolchover and Others
245
_a
Designing the rural A Global countryside in flux
260
_b
John Willey and sons, Inc
260
_c
2015
300
_a
136
999
_c
5943
_d
5943